A wilderness of possibilities: (Record no. 27620)

MARC details
000 -LEADER
fixed length control field 02554nam a22003977a 4500
005 - DATE AND TIME OF LATEST TRANSACTION
control field 2009061902092.0
008 - FIXED-LENGTH DATA ELEMENTS--GENERAL INFORMATION
fixed length control field 030731s2003 ii 000 1 eng
010 ## - LCCN (DPL NO)
LC control number ENG-94111
020 ## - INTERNATIONAL STANDARD BOOK NUMBER
International Standard Book Number 9780198063254
Terms of availability 375.00
020 ## - INTERNATIONAL STANDARD BOOK NUMBER
International Standard Book Number 0198063253
Terms of availability 375.00
035 ## - SYSTEM CONTROL NUMBER
System control number EN-77644
035 ## - SYSTEM CONTROL NUMBER
System control number B-361770-775
037 ## - SOURCE OF ACQUISITION
Source of stock number/acquisition DBAD / PUB
037 ## - SOURCE OF ACQUISITION
Source of stock number/acquisition Uppal Booka Store
040 ## - CATALOGING SOURCE
Original cataloging agency dpl
Language of cataloging English
082 ## - DEWEY DECIMAL CLASSIFICATION NUMBER
Classification number 840.9
240 ## - UNIFORM TITLE
Uniform title <a href="Yantrārūḍha.">Yantrārūḍha.</a>
Language of a work English
245 ## - TITLE STATEMENT
Title A wilderness of possibilities:
Statement of responsibility, etc edited by Kathryn Hansen (and) David Lelyveld
Remainder of title urdu studies in transnational perspective /
260 ## - PUBLICATION, DISTRIBUTION, ETC. (IMPRINT)
Place of publication, distribution, etc New Delhi
Name of publisher, distributor, etc Oxford University Press
Date of publication, distribution, etc 2009
270 ## - ADDRESS
Address YMCA Library Building, Jai Singh Road,
City New Delhi
Postal code 110001
300 ## - PHYSICAL DESCRIPTION
Extent xiii, 303 p.
Dimensions 22cm(pbk)
500 ## - GENERAL NOTE
General note Includes bibliographical references and index
650 ## - SUBJECT ADDED ENTRY--TOPICAL TERM
Topical term or geographic name as entry element Urdu literature
General subdivision History and criticism.
650 ## - SUBJECT ADDED ENTRY--TOPICAL TERM
Topical term or geographic name as entry element Persian literature
General subdivision History and criticism.
700 ## - ADDED ENTRY--PERSONAL NAME
Personal name Hansen Kathryn
700 ## - ADDED ENTRY--PERSONAL NAME
Personal name Lelyveld, David
942 ## - ADDED ENTRY ELEMENTS (KOHA)
Source of classification or shelving scheme Dewey Decimal Classification
Item type English Books
Call number suffix WIL
Classification part 840.9
Holdings
Withdrawn status Lost status Source of classification or shelving scheme Damaged status Not for loan Collection code Home library Current library Date acquired Source of acquisition Cost, normal purchase price Total Checkouts Full call number Barcode Date last seen Copy number Cost, replacement price Koha item type
    Dewey Decimal Classification     Non-fiction Central Library Central Library 08/04/2010 Uppal Book Store/UBS 9017/30.10.09/128/16.10.09/30.10.09 375.00   840.9 WIL B-361770 08/04/2010 1 375.00 English Books
    Dewey Decimal Classification   Not For Loan Non-fiction D.B.Act.Division D.B.Act.Division 19/06/2009 DBAD / PUB 375.00   840.9 WIL EN-77644 19/06/2009 1 375.00 English Books
    Dewey Decimal Classification     Non-fiction Janak Puri Janak Puri 08/04/2010 Uppal Book Store/UBS 9017/30.10.09/128/16.10.09/30.10.09 375.00 5 840.9 WIL B-361772 18/07/2018 1 375.00 English Books
    Dewey Decimal Classification     Non-fiction Karol Bagh Karol Bagh 08/04/2010 Uppal Book Store/UBS 9017/30.10.09/128/16.10.09/30.10.09 375.00   840.9 WIL B-361774 08/04/2010 1 375.00 English Books
    Dewey Decimal Classification     Non-fiction Patel Nagar Patel Nagar 08/04/2010 Uppal Book Store/UBS 9017/30.10.09/128/16.10.09/30.10.09 375.00   840.9 WIL B-361771 08/04/2010 1 375.00 English Books
    Dewey Decimal Classification     Non-fiction Sarojini Nagar Sarojini Nagar 08/04/2010 Uppal Book Store/UBS 9017/30.10.09/128/16.10.09/30.10.09 375.00 1 840.9 WIL B-361773 28/03/2019 1 375.00 English Books
    Dewey Decimal Classification     Non-fiction Shahdara Branch Shahdara Branch 08/04/2010 Uppal Book Store/UBS 9017/30.10.09/128/16.10.09/30.10.09 375.00   840.9 WIL B-361775 08/04/2010 1 375.00 English Books

© Delhi Public Library
Hit Counter
free hit counter